000 00424nam a2200133 4500
999 _c1220
_d1220
008 200114b ||||| |||| 00| 0 eng d
082 0 0 _a623.865
_bI325
110 _9806
_aIMCO
245 1 0 _aServicing Stations for Inflatable Life-Rafts; Stations-Service Pour L'entretien Des Radeaux Pneumatiques Des Sauvetage
_cby IMCO
260 _aLondon
_bIMCO
_c1967
300 _a45 p.
650 0 _aLife Rafts Repairing
942 _2ddc
_cBK